| 000 | 00449nam a2200193Ia 4500 | ||
|---|---|---|---|
| 008 | 170918s9999 xx 000 0 und d | ||
| 020 | _a43912042x | ||
| 050 | _bR989 2000 | ||
| 100 | _aRyan, Pam Muñoz | ||
| 245 | _aEsperanza rising / | ||
| 245 | _cPam Muñoz Ryan. | ||
| 260 | _aNew York : | ||
| 260 | _bScholastic, | ||
| 260 | _c2000 | ||
| 300 | _a262 pages : | ||
| 300 | _bcolored illustration ; | ||
| 300 | _c19cm. | ||
| 500 | _a750 | ||
| 999 |
_c342003 _d342003 |
||